Wildlife biology. (Record no. 4248)

MARC details
000 -LEADER
fixed length control field 02256nam a2200577 4500
001 - CONTROL NUMBER
control field 000
003 - CONTROL NUMBER IDENTIFIER
control field 000
005 - DATE AND TIME OF LATEST TRANSACTION
control field 20150408164548.0
007 - PHYSICAL DESCRIPTION FIXED FIELD--GENERAL INFORMATION
fixed length control field 000
008 - FIXED-LENGTH DATA ELEMENTS--GENERAL INFORMATION
fixed length control field 000
010 ## - LIBRARY OF CONGRESS CONTROL NUMBER
LC control number sn 95020648
022 0# - INTERNATIONAL STANDARD SERIAL NUMBER
International Standard Serial Number 0909-6396
ISSN-L 0909-6396
Source z
030 ## - CODEN DESIGNATION
CODEN WIBIFS
035 ## - SYSTEM CONTROL NUMBER
System control number (OCoLC)ocm33213382
037 ## - SOURCE OF ACQUISITION
Source of stock number/acquisition Wildlife Biology, The Editorial Office, Grenaavej 14, Kalø, DK-8410 Rønde, Denmark
040 ## - CATALOGING SOURCE
Original cataloging agency UOEL
Language of cataloging eng
Transcribing agency WU
Modifying agency DLC
-- PPBIO
-- OUCA
-- WaU
-- MH
-- DNAL
-- OCoLC
-- WaU
-- CaQQL
-- NSDP
-- DLC
-- CU-A
-- OCoLC
042 ## - AUTHENTICATION CODE
Authentication code pcc
-- nsdp
043 ## - GEOGRAPHIC AREA CODE
Geographic area code e-fi---
050 00 - LIBRARY OF CONGRESS CALL NUMBER
Classification number QH541
Item number .D3
072 #0 - SUBJECT CATEGORY CODE
Subject category code P000
100 ## - MAIN ENTRY--PERSONAL NAME
Personal name Dasman, Raymond F.
210 0# - ABBREVIATED TITLE
Abbreviated title Wildlife biol.
222 #0 - KEY TITLE
Key title Wildlife biology
245 00 - TITLE STATEMENT
Title Wildlife biology.
Statement of responsibility, etc. Raymond F. Dasmann.
260 ## - PUBLICATION, DISTRIBUTION, ETC. (IMPRINT)
Place of publication, distribution, etc. [Rønde, Denmark?] :
Name of publisher, distributor, etc. Nordic Council of Wildlife Research,
Date of publication, distribution, etc. c1995-
300 ## - PHYSICAL DESCRIPTION
Extent ix, 212 p. :
Other physical details ill.
500 ## - GENERAL NOTE
General note Title from cover.
General note includes index
525 ## - SUPPLEMENT NOTE
Supplement note Some vols. accompanied by supplements.
580 ## - LINKING ENTRY COMPLEXITY NOTE
Linking entry complexity note Formed by the merger of: Finnish game research; and Viltrevy.
588 ## - SOURCE OF DESCRIPTION NOTE
Source of description note Latest issue consulted: Vol. 15, no. 2 (June 2009).
650 #0 - SUBJECT ADDED ENTRY--TOPICAL TERM
Topical term or geographic name as entry element Wildlife management
Form subdivision Periodicals.
Topical term or geographic name as entry element Wildlife conservation
Form subdivision Periodicals.
Topical term or geographic name as entry element Game and game-birds
Form subdivision Periodicals.
Topical term or geographic name as entry element Animal ecology
Form subdivision Periodicals.
Topical term or geographic name as entry element Faune
General subdivision Aménagement
Form subdivision Périodiques.
Topical term or geographic name as entry element Faune
General subdivision Protection
Form subdivision Périodiques.
Topical term or geographic name as entry element Gibier
Form subdivision Périodiques.
Topical term or geographic name as entry element Écologie animale
Form subdivision Périodiques.
710 2# - ADDED ENTRY--CORPORATE NAME
Corporate name or jurisdiction name as entry element Nordic Council for Wildlife Research.
776 08 - ADDITIONAL PHYSICAL FORM ENTRY
Relationship information Online version:
Title Wildlife biology (Online)
Record control number (OCoLC)81149701
780 14 - PRECEDING ENTRY
Title Finnish game research
International Standard Serial Number 0783-4365
Record control number (DLC) 92649055
-- (OCoLC)19414388
Title Viltrevy
International Standard Serial Number 0505-611X
Record control number (DLC)sf 84000013
-- (OCoLC)1769145
906 ## - LOCAL DATA ELEMENT F, LDF (RLIN)
a 7
b cbc
c serials
d 2
e ncip
f 19
g n-oclcserc
942 ## - ADDED ENTRY ELEMENTS (KOHA)
Source of classification or shelving scheme Library of Congress Classification
Koha item type Loan - Normal on open shelf
Holdings
Withdrawn status Lost status Source of classification or shelving scheme Damaged status Not for loan Home library Current library Shelving location Date acquired Total Checkouts Full call number Barcode Date last seen Copy number Price effective from Koha item type
    Library of Congress Classification     UOE Main Library UOE Main Library Open shelf 08/04/2015   QH541 .D3 30000320 27/04/2026 30000320 08/04/2015 Loan - Normal on open shelf
    Library of Congress Classification     UOE Main Library UOE Main Library Open shelf 08/04/2015   QH541 .D3 20139807 27/04/2026 20139807 08/04/2015 Loan - Normal on open shelf
    Library of Congress Classification     UOE Main Library UOE Main Library Open shelf 08/04/2015   QH541 .D3 10044691 27/04/2026 10044691 08/04/2015 Loan - Normal on open shelf